00650cam a22002171 45000010008000000030006000080050017000140080041000310100017000720400018000890500015001070820013001221000025001352450070001602600039002303000019002695040041002886500030003296500037003597000036003962175300GBCCL20241126110530.0700914s1968 tnu b 000 0 eng  a 68015851  aDLCcDLCdDLC00aBV200b.E300a249bEDE1 aEdens, David,d1926-10aMaking the most of family worshipc[by] David and Virginia Edens. aNashville,bBroadman Pressc[1968] a128 p.c20 cm. aIncludes bibliographical references. 0aFamiliesxReligious life. 0aFamiliesvPrayers and devotions.1 aEdens, Virginia,ejoint author.